Normal view MARC view
  • Núñez Mesta, Martín Antonio

Entry Nombre Personal

Number of records used in: 1

001 - NUMERO DE CONTROL

  • campo de control: 45789

003 - IDENTIFICADOR DE NUMERO DE CONTROL

  • campo de control: DLC

005 - FECHA Y HORA DE LA ÜLTIMA TRANSACCIÓN

  • campo de control: 20220815145801.0

008 - DATOS DE LONGITUD FIJA

  • campo de control de longitud fija: 960401n| acannaabn |a aaa d

010 ## - NÚMERO DE CONTROL DE LA BIBLIOTECA DEL CONGRESO

  • Número de control LC: no 96016613

035 ## - NUMERO DE CONTROL

  • Número de control: (OCoLC)oca04047027

040 ## - FUENTE DE CATALOGACIÓN

  • Agencia original de catalogación: NmU
  • Lenguaje de catalogación: spa
  • Agencia de transcripción: NmU
  • Agencia que lo modifica: OCoLC
  • Agencia que lo modifica: MX-MxUPN

100 1# - ENCABEZAMIENTO - NOMBRE PERSONAL

  • Nombre personal: Núñez Mesta, Martín Antonio

670 ## - FUENTE EN LA QUE SE LOCALIZARON DATOS

  • Cita de la fuente: Bailes del folklor mexicano, 1990:
  • Información localizada: portada (Martín Antonio Núñez Mesta)

902 ## - CATALOGADOR

  • Catalogador: VRC/150822